The price of union.

Bibliographic Details
Main Author: Agar, Herbert, 1897-1980
Format: Book
Language:English
Published: Boston : Houghton Mifflin, [1950]
Subjects:

MARC

Tag First Indicator Second Indicator Subfields
LEADER 00000cam a2200000 4500
001 in00000062090
005 20151008051117.0
008 740130s1950 mau b 00000 eng u
010 |a  50006381  
035 |a (OCoLC)00785562 
035 |9 AAG5805AM 
040 |c CSU  |d TXA  |d UtOrBLW 
049 |a TXAM  |c 1 [175074] 
050 0 0 |a JK2261  |b .A42 
092 |a 329  |b A261p 
100 1 |a Agar, Herbert,  |d 1897-1980. 
245 1 4 |a The price of union. 
264 1 |a Boston :  |b Houghton Mifflin,  |c [1950] 
300 |a xviii, 750p :  |b maps. ;  |c 22cm. 
336 |a text  |b txt  |2 rdacontent 
337 |a unmediated  |b n  |2 rdamedia 
338 |a volume  |b nc  |2 rdacarrier 
500 |a London edition (Eyre & Spottiswoode) has title: The United States: the Presidents, the parties & the Constitution. 
650 0 |a Political parties  |z United States. 
651 0 |a United States  |x Politics and government. 
999 |a MARS 
999 f f |s c2dc4b91-93cd-3c02-9c06-bfed841dbdda  |i 0b5dfd6f-8f38-3230-8fbc-f49b69c43820  |t 0 
952 f f |p ric  |a Texas A&M University  |b Rellis Campus  |c Joint Library Facility  |d Remote Storage  |t 0  |e JK2261 .A42  |h Library of Congress classification  |i unmediated -- volume  |m A14800682702 
998 f f |a JK2261 .A42  |t 0  |l Remote Storage